Modelovanie strategických úloh matematickými metódami kandidátska dizertačná práca

Guardado en:
Detalles Bibliográficos
Autor principal: Spáčilová, Ružena
Autor Corporativo: Vysoká škola ekonomická v Bratislave. Fakulta riadenia
Otros Autores: Kučera, Tomáš
Formato: Libro
Lenguaje:eslovaco
Publicado: Bratislava 1983
Etiquetas: Agregar Etiqueta
Sin Etiquetas, Sea el primero en etiquetar este registro!

MARC

LEADER 00000nam a2200000 4500
001 c127240
005 20220512114100.6
041 0 |a slo 
044 |a SK 
245 1 0 |a Modelovanie strategických úloh matematickými metódami  |b kandidátska dizertačná práca  |c Ružena Spáčilová ; Ved. Tomáš Kučera 
264 1 |a Bratislava  |c 1983 
300 |a 169 s. 
100 1 |a Spáčilová, Ružena 
700 1 |a Kučera, Tomáš 
710 2 |a Vysoká škola ekonomická v Bratislave. Fakulta riadenia